Estadísticas para Semana Santa de Sevilla

Haz click aquí para intentar la prueba.

Estadísticas generales

  • Esta prueba ha sido intentada 20 veces
  • La puntuación promedio es 31 de 75

Estadísticas de respuestas

DíaHermandad% Correcto
Pasión
89%
La Macarena
78%
Viernes de DoloresLa Misión
78%
La Paz
78%
Pino Montano
78%
San Bernardo
78%
El Gran Poder
67%
Domingo de RamosLa Borriquita
67%
Los Gitanos
67%
San Gonzalo
67%
Santa Marta
67%
El Calvario
56%
Martes SantoEl Cerro
56%
El Dulce Nombre
56%
El Museo
56%
MadrugáEl Silencio
56%
La Amargura
56%
La Cena
56%
Las Aguas
56%
Lunes SantoSan Pablo
56%
San Roque
56%
Santa Genoveva
56%
Bellavista
44%
Bendición y Esperanza
44%
Corona
44%
Divino Perdón
44%
El Amor
44%
El Cachorro
44%
El Santo Entierro
44%
Jesús Despojado
44%
La Esperanza de Triana
44%
La Hiniesta
44%
La O
44%
La Sed
44%
Los Estudiantes
44%
Jueves SantoLos Negritos
44%
Padre Pío
44%
Pasión y Muerte
44%
San Benito
44%
San José Obrero
44%
Santa Cruz
44%
Vera Cruz
44%
El Buen Fin
33%
Sábado SantoEl Sol
33%
La Candelaria
33%
La Estrella
33%
La Exaltación
33%
La Lanzada
33%
Sábado de PasiónLa Milagrosa
33%
La Redención
33%
Domingo de ResurrecciónLa Resurrección
33%
La Soledad de San Buenaventura
33%
La Soledad de San Lorenzo
33%
Las Penas
33%
La Trinidad
33%
Los Panaderos
33%
Los Servitas
33%
San Isidoro
33%
Torreblanca
33%
El Baratillo
22%
Miércoles SantoEl Carmen
22%
El Valle
22%
Viernes SantoLa Carretería
22%
La Mortaja
22%
La Quinta Angustia
22%
Las Cigarreras
22%
Los Javieres
22%
Montesión
22%
Montserrat
22%
Cristo de Burgos
11%
Las Siete Palabras
11%
Paz y Misericordia
11%
Las Maravillas
0%
San Estaban
0%
San Jerónimo
0%

Distribución de puntuación

Porcentaje por número respondido

Porcentaje de gente con cada puntuación

Historial de tus puntuaciones

No has intentado esta prueba.